Trouvez les marques - C - Statistiques

Statistiques générales
  • Ce quiz a été pris 50 fois
  • Le résultat moyen est 21 sur 30
Statistiques - réponses
Par images Hint Réponse % Correct
Grande Distribution Carrefour
98%
Mode Chanel
98%
Automobile Citroën
98%
Alimentaire Coca-Cola
98%
Groupe TV Canal +
96%
Mode Calvin Klein
93%
Produits pour la maison Conforama
93%
Alimentaire Cristaline
93%
Alimentaire Chupa Chup’s
89%
Alimentaire Charal
87%
Alimentaire Carambar
83%
Automobile Chevrolet
83%
Alimentaire Caprice des Dieux
80%
Réparation Automobile Carglass
80%
Mode Celio
78%
Assurance Cofidis
78%
Produits de soin Colgate
76%
Alimentaire Côte d'Or
74%
Mode Camaïeu
72%
Grande Distribution Casino
72%
Photographie Canon
70%
Bricolage Castorama
70%
Assurance Crédit Mutuel
54%
Restauraton Courtepaille
41%
Automobile Cadillac
37%
E-Commerce Cdiscount
37%
Alimentaire Comté
35%
Alimentaire Champomy
28%
Mode Cabaia
24%
Alimentaire Cracotte
9%
Aucun quiz correspondant
Distribution des résultats
% des personnes avec chaque résultat
Percentile par nombre de réponses
Votre historique - résultats
Vous n’avez pas pris ce quiz